书目信息 |
| 题名: |
材料力学
|
|
| 作者: | ;北京航空学院 编 | |
| 分册: | 下册 | |
| 出版信息: | 北京 国防工业出版社 1981 |
|
| 页数: | 288页 | |
| 开本: | 20cm | |
| 丛书名: | ||
| 单 册: | ||
| 中图分类: | TB301 | |
| 科图分类: | ||
| 主题词: | 材料力学--高等学校--教材 | |
| 电子资源: | ||
| ISBN: | ||
| 000 | 00679nam0 2200241 45 | |
| 001 | 0186013704 | |
| 005 | 20060820150234.64 | |
| 010 | @dCNY1.15 | |
| 091 | @a15034.2256 | |
| 100 | @a19901012d1981 em y0chiy0121 ea | |
| 101 | 0 | @achi |
| 102 | @aCN@b110000 | |
| 105 | @ay z 000yy | |
| 200 | 10 | @a材料力学@Acai liao li xue@h下册@f北京航空学院编 |
| 210 | @a北京@c国防工业出版社@d1981 | |
| 215 | @a288页@d20cm | |
| 300 | @a机械、航空类各专业材料力学课程教材 | |
| 606 | @a材料力学@x高等学校@x教材 | |
| 690 | @aTB301@v3 | |
| 711 | 02 | @a北京航空学院@Abei jing hang kong xue yuan@4编 |
| 801 | 2 | @aCN@bNLC@c20060820 |
| 801 | 0 | @aCN@bTSSF@c20060819 |
| 905 | @a10447@dTB301@e118:2 | |
| 材料力学.下册/北京航空学院编.-北京:国防工业出版社,1981 |
| 288页;20cm |
| 机械、航空类各专业材料力学课程教材 |
| ISBN :CNY1.15 |
| ● |
| 相关链接 |
|
|
|
|
正题名:材料力学
索取号:TB301/118:2
 
预约/预借
| 序号 | 登录号 | 条形码 | 馆藏地/架位号 | 状态 | 备注 |
| 1 | 0439215 | 204392157 | 密集书库/ [索取号:TB301/118:2] | 在馆 | |
| 2 | 0458904 | 204589043 | 密集书库/ [索取号:TB301/118:2] | 在馆 | |
| 3 | 0470387 | 204703874 | 密集书库/ [索取号:TB301/118:2] | 在馆 |